|
|
|
|
| LEADER |
00000nam a2200000 a 4500 |
| 001 |
vtls008946033 |
| 003 |
SK-MaSNL |
| 005 |
20260301170132.0 |
| 008 |
240313 000 0 eng |
| 040 |
|
|
|a SNK
|b slo
|c SNK
|e AACR2
|
| 100 |
1 |
|
|a Kirschbaum, Jozef M.,
|d 1913-2001
|4 aut
|9 213302
|
| 245 |
1 |
|
|a Slovakia ' Struggle For Independence
|
| 260 |
|
|
|a Canada
|b Z.M.S. AND 1st Assemblz of the C.S.L.
|c 1979
|
| 300 |
|
|
|a 66 s.
|
| 999 |
|
|
|c 826613
|d 828543
|
| 952 |
|
|
|a SNK
|b SNK
|y VYP
|7 0
|p 17A0540070
|o snkSD 60928 D1
|i snkV 1647/95
|8 2
|3 rekatalogizácia
|0 0
|1 0
|4 0
|d 2007-02-15
|l 0
|r 2026-02-24 03:24:18
|w 2026-02-24
|